000 00736nam a2200205Ia 4500
003 OSt
005 20260608101905.0
008 210210b1995 xxu||||| |||| 00| 0 eng d
040 _cAL
041 _aKannada
082 _a915.479204K KAPS
100 _aKAPASE (G S).
_dಕಪಾಸೆ (ಜಿ. ಎಸ್.)
_9265495
245 _aShalmaleyinda Godavariyavarege. (Sahityaka pravasa prabanda).
_bಶಾಲ್ಮಲೆಯಿಂದ ಗೋದಾವರಿಯವರೆಗೆ. (ಸಾಹಿತ್ಯಕ ಪ್ರವಾಸ ಪ್ರಬಂಧ).
260 _aBengaluru.
_bKarnataka Sahitya Akademi.,
_c1995
300 _aviii,146
650 _aPravasa Maharashtra
_9265496
690 _aTravel
_9265497
906 _a057795
942 _2ddc
_cBK
999 _c105270
_d105270